Normal view
MARC view
Entry Personal Name
001 - CONTROL NUMBER
- control field: 1693
003 - CONTROL NUMBER IDENTIFIER
- control field: BD-RjUL
005 - DATE AND TIME OF LATEST TRANSACTION
- control field: 20220306143238.0
008 - FIXED-LENGTH DATA ELEMENTS
- fixed length control field: 220306|| aca||aabn | a|a d
040 ## - CATALOGING SOURCE
- Original cataloging agency: BD-RjUL
- Transcribing agency: BD-RjUL
100 ## - HEADING--PERSONAL NAME
- Personal name: Shil, Sosthi Chandra
670 ## - SOURCE DATA FOUND
- Source citation: Work cat.: (BD-RjUL)79494: Shil, Sosthi Chandra , Bangabandhu origination of bengali nationalism emergence of Bangladesh / , 2020